Posiciones final Eurovisión 2022 - Estadísticas

Estadísticas generales
  • Esta prueba ha sido intentada 302 veces
  • La puntuación promedio es 21 de 25
Estadísticas de respuestas
Posición País Puntos % Correcto
Ucrania 631
99%
España 459
98%
Reino Unido 466
97%
25º Alemania 6
94%
Italia 268
94%
Suecia 438
94%
24º Francia 17
91%
Serbia 312
89%
Grecia 215
88%
10º Noruega 182
88%
21º Finlandia 38
86%
14º Lituania 128
86%
Portugal 207
86%
13º Estonia 141
85%
12º Polonia 151
83%
11º Países Bajos 171
82%
19º Bélgica 64
81%
17º Suiza 78
81%
15º Australia 125
79%
Moldavia 253
77%
18º Rumanía 65
77%
23º Islandia 20
75%
22º Republica Checa 38
75%
20º Armenia 61
72%
16º Azerbaiyán 106
72%
No se encontraron pruebas coincidentes
Distribución de puntuación
Porcentaje de gente con cada puntuación
Porcentaje por número respondido
Historial de tus puntuaciones
No has intentado esta prueba.